00842nam a2200265 a 4500001001300000003000900013005001700022008004100039020002300080082001700103100001700120245005500137260003800192300000900230500003500239505006700274650002200341650001100363650002200374700001700396902000800413942000700421952013300428999001500561nice12345678IN_TiNIC20260116012934.0050524s1990 dela grp 000 0 eng  a8120723 c12500a297.403bRAS aRastogi, T C aSufismb a Dictionary With Profiles of Saint-Poets aDelhibSterling Publishers c1990 a110p aincludes index and biblioraphy2 apapers presented a consultation held at ajaltoun, lebnaon 1970 aDictionary-Sufism aSufism aSufism-Dictionary1 aRastogi, T C bSRS cBK 001040708StackRoom-aHMIbHMId2012-01-27g125.00l1m1o297.403 RASp014089r2016-09-06s2016-08-11v125.00w2005-05-24yBK c8974d8974